| 000 | 01648nam0a2200361 4500 | ||
|---|---|---|---|
| 001 | RU\NLR\BIBL_A\022737580 | ||
| 005 | 20260524044550.0 | ||
| 010 |
_a978-5-98712-484-0 _9500 |
||
| 021 |
_aRU _bКН-П-25-082518 _9КН-П-25-7987 |
||
| 035 | _a(NLR Aleph) 022737580 | ||
| 090 |
_a13710923 _c13710923 |
||
| 100 | _a20260226d2025 k y0rusy50 ca | ||
| 101 | 0 | _arus | |
| 102 | _aRU | ||
| 105 | _aac z 000zd | ||
| 181 | 0 |
_ai3 _baxxe |
|
| 182 | 0 | _an | |
| 200 | 1 |
_aО прошлом и настоящем. Воспоминания и размышления _fВладислав Лекторский _gИнститут философии РАН |
|
| 203 |
_aТекст _bвизуальный _cнепосредственный |
||
| 210 |
_aМосква _aСанкт-Петербург _cЦентр гуманитарных инициатив _d2025 |
||
| 215 |
_a348 с. _cил., портр. _d22 |
||
| 225 | 1 | _aДар вечности | |
| 225 | 1 | _aСерия "Дар вечности" | |
| 320 | _aБиблиогр. в подстроч. примеч. | ||
| 600 | 1 |
_aЛекторский _bВ.А. _f1932 _gВладислав Александрович _jВоспоминания, записки и т.п _92141740 _3RU\NLR\AUTH\661595337 |
|
| 606 | 1 |
_aФилософия _xИстория _xФилософские вопросы _yСССР _92451891 _3RU\NLR\AUTH\6601675313 |
|
| 686 | 1 | _aЮ3(2)7д | |
| 686 | 1 | _aЮ0р(2) | |
| 700 | 1 |
_aЛекторский _bВ. А. _c1932- _gВладислав Александрович _9138015 _3RU\NLR\AUTH\770138050 |
|
| 942 | _cBOOK | ||
| 980 | _aNB | ||